书目信息 |
| 题名: |
邓小平在历史转折关头
|
|
| 作者: | 卜行觉, , 叶晖南, 著 | |
| 分册: | ||
| 出版信息: | 北京 中国社会出版社 2005.01 |
|
| 页数: | 365页 | |
| 开本: | 21cm | |
| 丛书名: | ||
| 单 册: | ||
| 中图分类: | A762 | |
| 科图分类: | ||
| 主题词: | 政治家--生平事迹--中国--现代 | |
| 电子资源: | ||
| ISBN: | 7-5087-0245-X | |
| 000 | 00971nam0 2200253 450 | |
| 001 | 0128847280 | |
| 005 | 20051018155248.92 | |
| 010 | @a7-5087-0245-X@dCNY29.00 | |
| 100 | @a20050324d2005 km y0chiy0120 ea | |
| 101 | 0 | @achi |
| 102 | @aCN@b110000 | |
| 105 | @aa a 000yy | |
| 200 | 1 | @a邓小平在历史转折关头@Adeng xiao ping zai li shi zhuan zhe guan tou@f卜行觉, 叶晖南著@Fbo xing jue,ye hui nan zhu |
| 210 | @a北京@c中国社会出版社@d2005.01 | |
| 215 | @a365页@c图@d21cm | |
| 320 | @a有书目 (第363-364页)。 | |
| 330 | @a本书对邓小平的奋斗足迹和历史贡献进行了较为具体、细致、客观的描述,展示了邓小平的人格魅力和为祖国富强、人民幸福而勇往直前、奋斗不已的革命精神和高尚情怀,具有很强的可读性和感染力。 | |
| 600 | 0 | @a邓小平,@f1904-1997@x生平事迹 |
| 606 | 0 | @a政治家@x生平事迹@y中国@z现代 |
| 690 | @aA762@v4 | |
| 701 | 0 | @a卜行觉,@Abo xing jue,@f1935-@4著 |
| 701 | 0 | @a叶晖南,@Aye hui nan,@f1953-@4著 |
| 801 | 0 | @aCN@bbQSSK@c20051018 |
| 905 | @a10447@dA762@eB974 | |
| 邓小平在历史转折关头/卜行觉, 叶晖南著.-北京:中国社会出版社,2005.01 |
| 365页:图;21cm |
| ISBN 7-5087-0245-X:CNY29.00 |
| 本书对邓小平的奋斗足迹和历史贡献进行了较为具体、细致、客观的描述,展示了邓小平的人格魅力和为祖国富强、人民幸福而勇往直前、奋斗不已的革命精神和高尚情怀,具有很强的可读性和感染力。 |
| ● |
| 相关链接 |
|
|
|
正题名:邓小平在历史转折关头
索取号:A762/B974
 
预约/预借
| 序号 | 登录号 | 条形码 | 馆藏地/架位号 | 状态 | 备注 |
| 1 | 570935 | 205709358 | 社科库509/509社科库 3排3列1层/ [索取号:A762/B974] | 在馆 | |
| 2 | 570936 | 205709367 | 社科库509/509社科库 3排3列1层/ [索取号:A762/B974] | 在馆 | |
| 3 | 570937 | 205709376 | 社科库509/509社科库 3排3列1层/ [索取号:A762/B974] | 在馆 |